Statistics for 5sos song lyrics

Click here to take the quiz!

General Stats

  • This quiz has been taken 982 times
  • The average score is 9 of 12

Answer Stats

Hint Answer % Correct
and im stuck in the friend zone again and againheartbreak girl
94%
i swear she lives in that librarygood girls
93%
if today i woke up with you right beside meamnesia
92%
asked for your number, said you dont have a phonedon't stop
89%
shes got a naughty tatoo in a place that i want to get too18
88%
lets get out, lets get out, cuz this dead beat town's only here just to keep us downshe looks so perfect
86%
you walked in, everyone was asking for your nameend up here
78%
every time your near me suddenly my heart begins to racevoodoo doll
77%
certain are hard to speak, when your thoughts are all i seebeside you
73%
throwing rocks at your window at midnightwrapped around your finger
67%
can i call, wake you up on a sundaykiss me kiss me
65%
the enemy is hard to see when you're lookin' at yourselftomorrow never dies
38%

Score Distribution

Percentile by Number Answered

Percent of People with Each Score

Your Score History

You have not taken this quiz